000 00499nam a2200169Ia 4500
999 _c23225
_d23225
003 OSt
005 20200611152627.0
008 190216s9999||||xx |||||||||||||| ||und||
020 _a8187570520
040 _coclc
082 _a709.1767
_bARN/I
100 _aArnold, Thomas W
_91987
245 4 _aThe Islamic Art And Architecture /
_c Thomas W Arnold
260 _bGood Word Books,
_c2005.
_aNew Delhi:
300 _a416p
942 _cBK
_2ddc
_h709.1767
_iARN/I
_k709.1767
_mARN/I